Translating Finnish to English - Statistics

General Stats
  • This quiz has been taken 85 times
    61 since last reset
  • The average score is 44 of 56
Answer Stats
Finnish English % Correct
Euro Euro
100%
Kissa Cat
98%
Suomi Finland
98%
Ja And
96%
Banaani Banana
93%
Poika Boy
93%
Koira Dog
93%
Omena Apple
91%
Tyttö Girl
91%
Night
91%
Leipä Bread
89%
Talo House
89%
Maito Milk
89%
Minuutti Minute
89%
Raha Money
89%
Nimi Name
89%
Punainen Red
89%
Sekuntti Second
89%
Vesi Water
89%
Lintu Bird
87%
Lamppu Lamp
87%
Meri Sea
87%
Sänky Bed
85%
Kirja Book
85%
Koti Home
85%
Planeetta Planet
85%
Aurinko Sun
85%
Opettaja Teacher
85%
Tuoli Chair
83%
Kello Clock
83%
Silmä Eye
83%
Aika Time
83%
Tunti Hour
80%
On Is
80%
Hiiri Mouse
80%
Pöytä Table
80%
Tietokone Computer
78%
Huone Room
78%
Koulu School
78%
Lammas Sheep
76%
Ilma Air
74%
Vastaus Answer
74%
Tähti Star
74%
Lehmä Cow
72%
Avain Key
72%
Kenkä Shoe
67%
Sammakko Frog
65%
Seinä Wall
65%
Tyyny Pillow
54%
Happi Oxygen
52%
Katto Roof
52%
Siipi Wing
50%
Nappi Button
43%
Höyhen Feather
37%
Matto Rug
35%
Luumu Plum
30%
No matching quizzes found
Score Distribution
Percent of People with Each Score
Percentile by Number Answered
Your Score History
You have not taken this quiz since the last reset